| 000 | 00443nam a2200169Ia 4500 | ||
|---|---|---|---|
| 008 | 230718s9999 xx 000 0 und d | ||
| 020 | _a9781408844441 | ||
| 041 | _aeng | ||
| 082 |
_a813.6 _bHOS |
||
| 100 |
_aHosseini K. _9106958 |
||
| 245 | _aThousand Splendid Suns | ||
| 260 |
_c2013 _bBloomsbury |
||
| 300 | _a419 | ||
| 365 |
_cRs. _b499.00 |
||
| 700 |
_aHosseini K. _9106958 |
||
| 906 |
_dO:0586731-Jan-2018B:411223-Jan-2018 _cGENRL _b125 |
||
| 999 |
_c346906 _d346906 |
||